New Interchange. English for International Communication. Intro: Student`s book
Guardat en:
| Autor principal: | |
|---|---|
| Format: | Llibre |
| Idioma: | Undetermined |
| Publicat: |
Cambridge, Reino Unido
Cambridge University Press
2001
|
| Matèries: | |
| Etiquetes: |
Afegir etiqueta
Sense etiquetes, Sigues el primer a etiquetar aquest registre!
|
MARC
| LEADER | 00000nam a2200000Ia 4500 | ||
|---|---|---|---|
| 008 | 170316s9999 xx 000 0 und d | ||
| 090 | |a 415-I R-4n | ||
| 100 | |a Richards, Jack C. | ||
| 245 | |a New Interchange. English for International Communication. Intro: Student`s book | ||
| 260 | |a Cambridge, Reino Unido | ||
| 260 | |b Cambridge University Press | ||
| 260 | |c 2001 | ||
| 300 | |a 105 páginas | ||
| 650 | |a GRAMÁTICA INGLESA | ||
| 650 | |a LECTURAS | ||
| 650 | |a EJERCICIOS | ||
| 999 | |c 19513 |d 19513 | ||
| 040 | |a cru BVZT | ||
| 942 | |c 15 D |h 415-I R-4n |2 z | ||
